<?xml version="1.0" encoding="UTF-8"?><?xml-stylesheet type="text/xsl" href="static/style.xsl"?><OAI-PMH xmlns="http://www.openarchives.org/OAI/2.0/" xmlns:xsi="http://www.w3.org/2001/XMLSchema-instance" xsi:schemaLocation="http://www.openarchives.org/OAI/2.0/ http://www.openarchives.org/OAI/2.0/OAI-PMH.xsd"><responseDate>2026-06-01T18:35:27Z</responseDate><request verb="GetRecord" identifier="oai:docta.ucm.es:20.500.14352/63966" metadataPrefix="marc">https://docta.ucm.es/rest/oai/request</request><GetRecord><record><header><identifier>oai:docta.ucm.es:20.500.14352/63966</identifier><datestamp>2025-05-17T00:02:35Z</datestamp><setSpec>com_20.500.14352_14</setSpec><setSpec>col_20.500.14352_17</setSpec></header><metadata><record xmlns="http://www.loc.gov/MARC21/slim" xmlns:dcterms="http://purl.org/dc/terms/" xmlns:xsi="http://www.w3.org/2001/XMLSchema-instance" xmlns:doc="http://www.lyncode.com/xoai" xsi:schemaLocation="http://www.loc.gov/MARC21/slim http://www.loc.gov/standards/marcxml/schema/MARC21slim.xsd">
   <leader>00925njm 22002777a 4500</leader>
   <datafield ind2=" " ind1=" " tag="042">
      <subfield code="a">dc</subfield>
   </datafield>
   <datafield ind2=" " ind1=" " tag="720">
      <subfield code="a">Morán Cabré, Manuel</subfield>
      <subfield code="e">author</subfield>
   </datafield>
   <datafield ind2=" " ind1=" " tag="260">
      <subfield code="c">1990</subfield>
   </datafield>
   <datafield ind2=" " ind1=" " tag="520">
      <subfield code="a">Se muestra en este artículo un algoritmo para asociar conjuntos fractales a ciertas series de vectores en Rn y a ciertos productos infinitos reales o complejos. Se muestra la conexión existente entre algunos casos particulares de estos fractales y ciertos fractales obtenidos por M.F. Barnsley desde un punto de vista dinámico, como atractores de sistemas de funciones iterados. Se obtienen las dimensiones de Hausdorff y la función de dimensión de algunos fractales generados por series, y se construyen ejemplos de interés en teoría de la medida. El contenido de este artículo fue presentado como ponencia en la European Conference on Iterations que se celebró en Batschuns (Austria) en Septiembre de 1989, y posteriormente ha sido aceptada para su publicación en las memorias del citado congreso.</subfield>
   </datafield>
   <datafield ind1="8" ind2=" " tag="024">
      <subfield code="a">2255-5471</subfield>
   </datafield>
   <datafield ind1="8" ind2=" " tag="024">
      <subfield code="a">https://hdl.handle.net/20.500.14352/63966</subfield>
   </datafield>
   <datafield ind1="8" ind2=" " tag="024">
      <subfield code="a">https://economicasyempresariales.ucm.es/working-papers-ccee</subfield>
   </datafield>
   <datafield ind2="0" ind1="0" tag="245">
      <subfield code="a">Fractal series and infinite products</subfield>
   </datafield>
</record></metadata></record></GetRecord></OAI-PMH>